MARC

LEADER 00000nab a2200000 a 4500
001 vtls000110655
003 SK-MaSNL
005 20260304001133.0
008 111104c1982 xo 0 slo
015 |a SNBRB19rr/mm-uuuuu 
035 |a CL0120758 
040 |a SNKBUCL  |b slo  |c SNKBUCL  |e AACR2 
041 0 |a slo 
044 |a xo  |c SK 
080 |a 885.4-3  |2 1981 
100 1 |a Komorová, Mariana,  |d 1950-  |4 aut  |9 205469 
245 1 0 |a Návrat  |c Mariana Komorová ; Mariana Košuthová 
650 0 7 |a príbehy zo života  |2 snkbucl  |9 270441 
655 7 |a články z novín a časopisov  |2 snkbucl  |9 267496 
655 7 |a články z odboru literárna veda a krásna literatúra  |2 snkbucl  |9 770045 
700 1 |a Košuthová, Mariana  |4 gup  |9 1277393 
773 0 |t Slovenka  |g Roč. 34, č. 2 (1982), s. 14 
850 |a Slovenská národná knižnica v Martine  |a MTA001 
852 |a SNK  |b KIS3GCP 
958 |a RK 
958 |a LX 
992 |a RBX 
999 |c 2534913  |d 2536843